World Economic Survey 1989 Current Trends and Policies in the World Economy

Saved in:
Bibliographic Details
Format: Book
Language:English
Published: New York United Nations 1989
Edition:1. ed.
Tags: Add Tag
No Tags, Be the first to tag this record!

MARC

LEADER 00000nam a2200000 4500
001 c028067
005 20221215114619.8
041 0 |a eng 
044 |a US 
245 1 0 |a World Economic Survey 1989  |b Current Trends and Policies in the World Economy 
250 |a 1. ed. 
264 1 |a New York  |b United Nations  |c 1989 
300 |a 245 s.